[Event "Benidorm op U2300 05th"]
[Site "Benidorm"]
[Date "2006.12.04"]
[Round "4"]
[White "Lacrosse, Marc"]
[Black "Perez, Yosvanny"]
[Result "1/2-1/2"]
[WhiteElo "2238"]
[BlackElo "2290"]
[PlyCount "28"]
[EventDate "2006.12.01"]
[EventType "swiss"]
[EventRounds "9"]
[EventCountry "ESP"]
[SourceTitle "CBM 115 Extra"]
[Source "ChessBase"]
[SourceDate "2007.01.10"]
[SourceVersion "1"]
[SourceVersionDate "2007.01.10"]
[SourceQuality "1"]

1. d4 d5 2. c4 dxc4 3. Nf3 Nf6 4. e3 a6 5. Bxc4 e6 6. 0-0 c5 7. Qe2 b5 8. Bb3 Bb7 9. a4 Nbd7 10. axb5 axb5 11. Rxa8 Qxa8 12. Nc3 b4 13. Nb5 Qa5 14. Rd1 Be7 1/2-1/2

[Event "Benidorm op U2300 05th"]
[Site "Benidorm"]
[Date "2006.12.02"]
[Round "2"]
[White "Forsaa, Espen"]
[Black "Perez, Yosvanny"]
[Result "0-1"]
[WhiteElo "2170"]
[BlackElo "2290"]
[PlyCount "46"]
[EventDate "2006.12.01"]
[EventType "swiss"]
[EventRounds "9"]
[EventCountry "ESP"]
[SourceTitle "CBM 115 Extra"]
[Source "ChessBase"]
[SourceDate "2007.01.10"]
[SourceVersion "1"]
[SourceVersionDate "2007.01.10"]
[SourceQuality "1"]

1. d4 d6 2. e4 g6 3. Nc3 Bg7 4. Be2 Nf6 5. g4 c5 6. g5 Nfd7 7. d5 Na6 8. h4 h5 9. gxh6 Bxh6 10. Bxh6 Rxh6 11. Qd2 Rh7 12. h5 gxh5 13. Rxh5 Rxh5 14. Bxh5 Nf6 15. Qh6 Nxh5 16. Qxh5 e5 17. Qh8+ Ke7 18. Qh4+ Kd7 19. Qh5 Qf6 20. 0-0-0 Ke7 21. Rd3 Bd7 22. Rf3 Rh8 23. Rxf6 Rxh5 0-1

[Event "Benidorm op U2300 05th"]
[Site "Benidorm"]
[Date "2006.12.01"]
[Round "1"]
[White "Perez, Yosvanny"]
[Black "Frasquet Solbes, Elias"]
[Result "1-0"]
[WhiteElo "2290"]
[BlackElo "2127"]
[PlyCount "69"]
[EventDate "2006.12.01"]
[EventType "swiss"]
[EventRounds "9"]
[EventCountry "ESP"]
[SourceTitle "CBM 115 Extra"]
[Source "ChessBase"]
[SourceDate "2007.01.10"]
[SourceVersion "1"]
[SourceVersionDate "2007.01.10"]
[SourceQuality "1"]

1. d4 d5 2. Nf3 Nf6 3. c4 c6 4. e3 Bg4 5. Nc3 e6 6. h3 Bxf3 7. Qxf3 Nbd7 8. g4 Bb4 9. cxd5 exd5 10. Bd3 0-0 11. Bd2 Re8 12. 0-0 Ne4 13. Bxe4 dxe4 14. Nxe4 Rxe4 15. Bxb4 Qe8 16. Rae1 a5 17. Bc3 Nf6 18. Qg2 Nd5 19. Bd2 Nb4 20. a3 Nd3 21. Rb1 Qe6 22. Bc3 Re8 23. Rbd1 Qc4 24. Rd2 Nb4 25. Ra1 Nd5 26. Bxa5 Qb3 27. Rc1 b6 28. Bb4 Nxb4 29. axb4 Qxb4 30. Rxc6 h6 31. Rdc2 h5 32. gxh5 Kh7 33. Qg5 Qe1+ 34. Kg2 Qb1 35. Qf5+ 1-0

[Event "Pedrido Memorial"]
[Site "Vilagarcia de Arousa"]
[Date "2006.08.29"]
[Round "5"]
[White "Perez, Yosvanny"]
[Black "Rodriguez Calvo, Manoel"]
[Result "1/2-1/2"]
[WhiteElo "2290"]
[BlackElo "2123"]
[PlyCount "56"]
[EventDate "2006.07.25"]
[EventType "swiss"]
[EventRounds "9"]
[EventCountry "ESP"]
[SourceTitle "CBM 113 Extra"]
[Source "ChessBase"]
[SourceDate "2006.09.14"]
[SourceVersion "1"]
[SourceVersionDate "2006.09.14"]
[SourceQuality "1"]

1. d4 Nf6 2. Nf3 d6 3. c4 g6 4. Nc3 Bg7 5. e4 0-0 6. Be2 Nc6 7. Be3 e5 8. d5 Ne7 9. Nd2 a5 10. g4 Nd7 11. f3 Nc5 12. h4 Bd7 13. Nb3 Na4 14. Qd2 Nxc3 15. Qxc3 a4 16. Nd2 c5 17. b4 axb3 18. axb3 Rxa1+ 19. Qxa1 f5 20. g5 Qc8 21. Kd1 Qb8 22. Kc2 f4 23. Bg1 Qa8 24. Bf2 Rb8 25. Rb1 Nc8 26. b4 b6 27. Kc1 Bf8 28. bxc5 bxc5 1/2-1/2

[Event "Pedrido Memorial"]
[Site "Vilagarcia de Arousa"]
[Date "2006.08.28"]
[Round "4"]
[White "Dimitrov, Vladimir"]
[Black "Perez, Yosvanny"]
[Result "1-0"]
[WhiteElo "2454"]
[BlackElo "2290"]
[PlyCount "85"]
[EventDate "2006.07.25"]
[EventType "swiss"]
[EventRounds "9"]
[EventCountry "ESP"]
[SourceTitle "CBM 113 Extra"]
[Source "ChessBase"]
[SourceDate "2006.09.14"]
[SourceVersion "1"]
[SourceVersionDate "2006.09.14"]
[SourceQuality "1"]

1. c4 e5 2. g3 Nf6 3. Bg2 d5 4. cxd5 Nxd5 5. Nf3 Nc6 6. 0-0 Nb6 7. d3 Be7 8. a3 0-0 9. Nbd2 Be6 10. b4 f6 11. Bb2 a5 12. b5 Na7 13. d4 Nxb5 14. dxe5 a4 15. Qc2 c6 16. e3 f5 17. Rfc1 Qb8 18. Bf1 Rd8 19. Ne1 Rxd2 20. Qxd2 Qf8 21. Bd4 Nd5 22. Rcb1 Nxd4 23. exd4 b5 24. Qc1 Rc8 25. Nd3 Nb6 26. Nf4 Bc4 27. Bg2 Bg5 28. h4 Bh6 29. Rb4 Qd8 30. Qe3 Nd5 31. Bxd5+ Bxd5 32. Rc1 Qe8 33. Rc5 Bxf4 34. Qxf4 Qh5 35. Rxd5 cxd5 36. Rxb5 Qd1+ 37. Kg2 h6 38. Rxd5 Qb1 39. e6 Rc1 40. Qxf5 Rg1+ 41. Kh3 Rxg3+ 42. fxg3 Qh1+ 43. Kg4 1-0

[Event "Pedrido Memorial"]
[Site "Vilagarcia de Arousa"]
[Date "2006.08.27"]
[Round "3"]
[White "Perez, Yosvanny"]
[Black "Iotov, Valentin Dimitrov"]
[Result "1/2-1/2"]
[WhiteElo "2290"]
[BlackElo "2493"]
[PlyCount "38"]
[EventDate "2006.07.25"]
[EventType "swiss"]
[EventRounds "9"]
[EventCountry "ESP"]
[SourceTitle "CBM 113 Extra"]
[Source "ChessBase"]
[SourceDate "2006.09.14"]
[SourceVersion "1"]
[SourceVersionDate "2006.09.14"]
[SourceQuality "1"]

1. d4 Nf6 2. c4 e6 3. Nc3 Bb4 4. g3 0-0 5. Bg2 c5 6. Nf3 cxd4 7. Nxd4 d5 8. cxd5 Nxd5 9. Bd2 Bxc3 10. bxc3 e5 11. Nc2 Nc6 12. Nb4 Ncxb4 13. cxb4 Be6 14. 0-0 Qb6 15. Qa4 Rac8 16. Rac1 Qd4 17. Rcd1 a5 18. Bf4 Qb2 19. Bxd5 Bxd5 1/2-1/2

[Event "Pedrido Memorial"]
[Site "Vilagarcia de Arousa"]
[Date "2006.08.26"]
[Round "2"]
[White "Cebrian Ramos, Jose Luis"]
[Black "Perez, Yosvanny"]
[Result "0-1"]
[WhiteElo "2102"]
[BlackElo "2290"]
[PlyCount "134"]
[EventDate "2006.07.25"]
[EventType "swiss"]
[EventRounds "9"]
[EventCountry "ESP"]
[SourceTitle "CBM 113 Extra"]
[Source "ChessBase"]
[SourceDate "2006.09.14"]
[SourceVersion "1"]
[SourceVersionDate "2006.09.14"]
[SourceQuality "1"]

1. d4 d6 2. c4 e5 3. Nf3 e4 4. Ng5 Nf6 5. Nc3 Qe7 6. g3 h6 7. Nh3 g5 8. Bg2 Bf5 9. Qb3 c6 10. Ng1 Bg7 11. h4 g4 12. Bf4 0-0 13. e3 Nh5 14. Nge2 Na6 15. 0-0 Rfb8 16. Qa3 Rd8 17. Rac1 Nc7 18. Qa5 Bg6 19. c5 Nxf4 20. Nxf4 d5 21. b4 a6 22. a4 Bf6 23. Qb6 Ne6 24. Nce2 Qd7 25. b5 Rdb8 26. bxc6 bxc6 27. Qa5 Rb3 28. Rb1 Bd8 29. Qxd8+ Qxd8 30. Rxb3 Rb8 31. Rfb1 Rxb3 32. Rxb3 Qa5 33. Nc3 Nxf4 34. gxf4 Kg7 35. Kh2 Bf5 36. h5 Be6 37. Bf1 f5 38. Kg2 Kf6 39. Ne2 Qxa4 40. Rb6 a5 41. Ng3 Bd7 42. Ba6 Qd1 43. Bb7 a4 44. Bxc6 Ke7 45. Bxd7 Kxd7 46. Rxh6 Qf3+ 47. Kg1 Qd1+ 48. Nf1 a3 49. Ra6 g3 50. Rxa3 gxf2+ 51. Kxf2 Qxh5 52. Ra7+ Kc6 53. Rg7 Qf3+ 54. Kg1 Qh5 55. Rg5 Qh3 56. Rg3 Qh4 57. Kg2 Qh5 58. Rg5 Qe2+ 59. Kg1 Kb5 60. Rg7 Kc4 61. c6 Qc2 62. Rd7 Kd3 63. c7 Ke2 64. Rg7 Ke1 65. Rg2 Qxc7 66. Ng3 Qh7 67. Rh2 Qg6 0-1

[Event "Santa Clara Salado Cup-B"]
[Site "Santa Clara"]
[Date "2003.02.10"]
[Round "10"]
[White "Gonzalez Perez, Arian"]
[Black "Perez, Yosvanny"]
[Result "1/2-1/2"]
[WhiteElo "2087"]
[BlackElo "2241"]
[PlyCount "69"]
[EventDate "2003.02.03"]
[EventType "tourn"]
[EventRounds "9"]
[EventCountry "CUB"]
[SourceTitle "EXT 2004"]
[Source "ChessBase"]
[SourceDate "2003.11.25"]
[SourceVersion "1"]
[SourceVersionDate "2003.11.25"]
[SourceQuality "1"]

1. e4 e5 2. Nf3 Nc6 3. d4 exd4 4. c3 dxc3 5. Bc4 d6 6. Nxc3 Nf6 7. Qb3 Qd7 8. Ng5 Ne5 9. Bb5 c6 10. f4 Neg4 11. h3 cxb5 12. hxg4 b4 13. Nd5 b6 14. Nxf6+ gxf6 15. Rxh7 Rxh7 16. Nxh7 Be7 17. f5 Bb7 18. Be3 Qc6 19. Qxb4 Qxe4 20. Qxe4 Bxe4 21. Kf2 Kd7 22. Bd4 Rg8 23. Re1 Rxg4 24. Nxf6+ Bxf6 25. Bxf6 Rf4+ 26. Kg1 Rxf5 27. Bc3 d5 28. Rf1 Ke6 29. Rxf5 Kxf5 30. Kf2 Bb1 31. a3 Ke4 32. Ke2 f5 33. g3 a5 34. Bd2 Bd3+ 35. Kd1 1/2-1/2

[Event "Santa Clara Salado Cup-B"]
[Site "Santa Clara"]
[Date "2003.02.05"]
[Round "4"]
[White "Perez, Yosvanny"]
[Black "Alvarez Miranda, Jose Antonio"]
[Result "1/2-1/2"]
[WhiteElo "2241"]
[BlackElo "2127"]
[PlyCount "38"]
[EventDate "2003.02.03"]
[EventType "tourn"]
[EventRounds "9"]
[EventCountry "CUB"]
[SourceTitle "EXT 2004"]
[Source "ChessBase"]
[SourceDate "2003.11.25"]
[SourceVersion "1"]
[SourceVersionDate "2003.11.25"]
[SourceQuality "1"]

1. d4 d5 2. Nf3 Nf6 3. c4 c6 4. e3 Bf5 5. Nc3 e6 6. Nh4 Bg4 7. Qb3 Qb6 8. f3 Bh5 9. g4 Bg6 10. g5 Nh5 11. e4 Qxb3 12. axb3 dxe4 13. Nxg6 hxg6 14. Nxe4 Bb4+ 15. Kf2 Nd7 16. Be2 a6 17. Kg2 f5 18. Nf2 Bd6 19. Nd3 e5 1/2-1/2

[Event "Rosario Bandera op"]
[Site "Rosario"]
[Date "2001.06.17"]
[Round "3"]
[White "Perez, Yosvanny"]
[Black "Sanchez Almeyra, Jorge"]
[Result "1/2-1/2"]
[WhiteElo "2278"]
[BlackElo "2440"]
[PlyCount "55"]
[EventDate "2001.06.16"]
[EventType "swiss"]
[EventRounds "7"]
[EventCountry "ARG"]
[SourceTitle "EXT 2002"]
[Source "ChessBase"]
[SourceDate "2001.11.25"]
[SourceVersion "1"]
[SourceVersionDate "2001.11.25"]
[SourceQuality "1"]

1. d4 Nf6 2. Nf3 g6 3. c4 Bg7 4. Nc3 d5 5. e3 0-0 6. Qb3 e6 7. Bd3 b6 8. 0-0 Bb7 9. Rd1 Nbd7 10. cxd5 exd5 11. Qa3 a6 12. Bd2 Re8 13. Bf1 Bf8 14. Qb3 Bd6 15. Be1 Qe7 16. Rac1 Qf8 17. g3 Qh6 18. Bg2 Qh5 19. Ne2 c6 20. Nf4 Qh6 21. Nd3 b5 22. a4 Ne4 23. Bb4 Be7 24. a5 Qg7 25. Qa2 Qf6 26. Rc2 h5 27. Be1 Rad8 28. Rdc1 1/2-1/2

[Event "Havana Provincial"]
[Site "Havana"]
[Date "1999.??.??"]
[Round "?"]
[White "Perez, Yosvanny"]
[Black "Ibanez Milian, Dagoberto"]
[Result "0-1"]
[WhiteElo "2295"]
[BlackElo "2235"]
[PlyCount "140"]
[EventDate "1999.??.??"]
[EventType "tourn"]
[EventRounds "15"]
[EventCountry "CUB"]
[SourceTitle "EXT 2000"]
[Source "ChessBase"]
[SourceDate "1999.11.16"]
[SourceVersion "1"]
[SourceVersionDate "1999.11.16"]
[SourceQuality "1"]

1. d4 d5 2. Nf3 Nc6 3. g3 Bf5 4. Bg2 h6 5. 0-0 e6 6. c4 Nf6 7. Nc3 Be7 8. Ne5 0-0 9. cxd5 exd5 10. Nxc6 bxc6 11. Bf4 Bd6 12. Bd2 Re8 13. Rc1 Qb8 14. Na4 Qb5 15. Re1 a5 16. f3 Re7 17. Bf1 Qb7 18. Rc3 Qa7 19. e3 Bd7 20. Bd3 Rb8 21. Qc1 Bb4 22. Rc2 Rbe8 23. Nc5 Bc8 24. a3 Bxd2 25. Qxd2 Nd7 26. Nb3 a4 27. Na5 Bb7 28. Nxc6 Bxc6 29. Rxc6 Nb6 30. Rc5 Qb8 31. Bb5 Rd8 32. Qc2 Qc8 33. Kg2 g5 34. Rc6 Kg7 35. Rc1 Qa8 36. Qf5 Rd6 37. Rxc7 Rf6 38. Qd3 Rxc7 39. Rxc7 Nc4 40. Bxc4 dxc4 41. Qe4 Qb8 42. Qb7 Qe8 43. Re7 Qd8 44. Rd7 Qa5 45. Qb4 Qf5 46. Qb7 g4 47. f4 Qc2+ 48. Kf1 Qd1+ 49. Kf2 Qd2+ 50. Kf1 Qxe3 51. d5 Qf3+ 52. Kg1 Qd1+ 53. Kg2 h5 54. Qb4 Qe2+ 55. Kg1 Qe3+ 56. Kf1 Qd3+ 57. Kg2 Qe4+ 58. Kg1 Qd4+ 59. Kf1 Qd3+ 60. Kg2 Qe2+ 61. Kg1 Qd1+ 62. Kg2 Qc2+ 63. Kg1 Qd1+ 64. Kg2 h4 65. Rd8 Qf3+ 66. Kg1 Qd1+ 67. Kf2 hxg3+ 68. Kxg3 Qg1+ 69. Kh4 Qxh2+ 70. Kg5 Qxf4+ 0-1

[Event "Guines"]
[Site "Guines"]
[Date "1998.??.??"]
[Round "?"]
[White "Duarte, Tatiana"]
[Black "Perez, Yosvanny"]
[Result "1/2-1/2"]
[WhiteElo "2055"]
[BlackElo "2240"]
[PlyCount "21"]
[EventDate "1998.??.??"]
[EventType "tourn"]
[EventRounds "9"]
[EventCountry "CUB"]
[SourceTitle "EXT 2003"]
[Source "ChessBase"]
[SourceDate "2002.11.25"]
[SourceVersion "1"]
[SourceVersionDate "2002.11.25"]
[SourceQuality "1"]

1. e4 e5 2. Nf3 Nc6 3. Bb5 a6 4. Ba4 Nf6 5. d4 exd4 6. 0-0 Be7 7. e5 Ne4 8. Nxd4 0-0 9. Nf5 d5 10. Bxc6 bxc6 11. Nxe7+ 1/2-1/2

[Event "Havana-ch sf region"]
[Site "Havana"]
[Date "1998.??.??"]
[Round "?"]
[White "Perez Perez, Francisco Jose"]
[Black "Perez, Yosvanny"]
[Result "0-1"]
[WhiteElo "2085"]
[BlackElo "2240"]
[PlyCount "68"]
[EventDate "1998.??.??"]
[EventType "swiss"]
[EventRounds "9"]
[EventCountry "CUB"]
[SourceTitle "EXT 2003"]
[Source "ChessBase"]
[SourceDate "2002.11.25"]
[SourceVersion "1"]
[SourceVersionDate "2002.11.25"]
[SourceQuality "1"]

1. c4 e5 2. Nc3 Nc6 3. g3 g6 4. Bg2 Bg7 5. Rb1 Nh6 6. b4 0-0 7. e3 d6 8. Nge2 f5 9. d3 g5 10. Nd5 f4 11. exf4 gxf4 12. gxf4 Bg4 13. 0-0 Nd4 14. f3 Bh5 15. Ng3 Bg6 16. fxe5 dxe5 17. Nc3 Ne6 18. Nce4 Nf4 19. Rb3 Nf5 20. Nxf5 Bxf5 21. Kh1 a5 22. b5 Kh8 23. Rg1 Qd7 24. Bf1 Bg6 25. Be3 c6 26. a4 Rf5 27. Rb2 Raf8 28. Rd2 Bh5 29. Ng3 Nd5 30. Qe1 Nxe3 31. Qxe3 Rxf3 32. Qg5 Bg6 33. Be2 R3f4 34. Nh5 R4f5 0-1

[Event "Capablanca Memorial (Women)"]
[Site "Matanzas"]
[Date "1995.??.??"]
[Round "?"]
[White "Perez, Yosvanny"]
[Black "De Armas Perez, Acela"]
[Result "0-1"]
[WhiteElo "2360"]
[BlackElo "2170"]
[PlyCount "92"]
[EventDate "1995.??.??"]
[EventType "tourn"]
[EventRounds "13"]
[EventCountry "CUB"]
[SourceTitle "EXT 2000"]
[Source "ChessBase"]
[SourceDate "1999.11.16"]
[SourceVersion "1"]
[SourceVersionDate "1999.11.16"]
[SourceQuality "1"]

1. d4 Nf6 2. c4 d6 3. Nc3 Nbd7 4. Nf3 c6 5. Bg5 Qa5 6. Qc2 g6 7. e3 Bg7 8. Be2 0-0 9. 0-0 Re8 10. Bh4 e5 11. Rfd1 Nf8 12. h3 Bf5 13. Qd2 Qc7 14. g4 Bd7 15. dxe5 dxe5 16. Qd6 Qa5 17. Rab1 Re6 18. Qd2 h6 19. b4 Qc7 20. Bg3 Rae8 21. c5 Qc8 22. Qc2 R6e7 23. Qa4 h5 24. g5 Nd5 25. Ne4 Bxh3 26. Nd6 Qg4 27. Rxd5 cxd5 28. Kh2 Qd7 29. Bb5 Qg4 30. Be2 h4 31. Ng1 hxg3+ 32. fxg3 Qxg5 33. Nxh3 Qxe3 34. Bf1 Rd8 35. Bg2 e4 36. Rb3 Qd2 37. Nf4 Be5 38. Qb5 Bxf4 39. gxf4 Qxf4+ 40. Rg3 Ne6 41. Qe2 Kg7 42. Bh3 Rh8 43. Qb2+ f6 44. Kg2 Ng5 45. Bg4 Rh4 46. Bc8 Nf3 0-1

[Event "Capablanca Memorial (Women)"]
[Site "Matanzas"]
[Date "1995.??.??"]
[Round "?"]
[White "Perez, Yosvanny"]
[Black "Garcia, Ana"]
[Result "1-0"]
[WhiteElo "2360"]
[BlackElo "2005"]
[PlyCount "53"]
[EventDate "1995.??.??"]
[EventType "tourn"]
[EventRounds "13"]
[EventCountry "CUB"]
[SourceTitle "EXT 2000"]
[Source "ChessBase"]
[SourceDate "1999.11.16"]
[SourceVersion "1"]
[SourceVersionDate "1999.11.16"]
[SourceQuality "1"]

1. d4 e6 2. e4 d5 3. Nd2 dxe4 4. Nxe4 Nf6 5. Nxf6+ Qxf6 6. Nf3 h6 7. h4 c6 8. Ne5 Qe7 9. Bd3 Nd7 10. c3 Nxe5 11. dxe5 b6 12. a4 Bb7 13. Bf4 Rd8 14. Qe2 Qc7 15. Rh3 g6 16. h5 g5 17. Bh2 Be7 18. f4 Qc8 19. 0-0-0 Rg8 20. Rf1 gxf4 21. Bxf4 Bg5 22. Qf2 Rd7 23. Bxg5 hxg5 24. h6 Qd8 25. h7 Rh8 26. Bg6 Qe7 27. Rf3 1-0

[Event "Capablanca Memorial (Women)"]
[Site "Matanzas"]
[Date "1995.??.??"]
[Round "?"]
[White "Perez, Yosvanny"]
[Black "Moreno, Alejandro"]
[Result "1/2-1/2"]
[WhiteElo "2360"]
[BlackElo "2335"]
[PlyCount "24"]
[EventDate "1995.??.??"]
[EventType "tourn"]
[EventRounds "13"]
[EventCountry "CUB"]
[SourceTitle "EXT 2000"]
[Source "ChessBase"]
[SourceDate "1999.11.16"]
[SourceVersion "1"]
[SourceVersionDate "1999.11.16"]
[SourceQuality "1"]

1. e4 e5 2. Nf3 Nc6 3. Bb5 a6 4. Ba4 Nf6 5. 0-0 Be7 6. Re1 b5 7. Bb3 d6 8. c3 0-0 9. h3 Na5 10. Bc2 c5 11. d4 Qc7 12. Nbd2 Nc6 1/2-1/2

[Event "Capablanca Memorial-C"]
[Site "Matanzas"]
[Date "1994.??.??"]
[Round "2"]
[White "Charpentier Morales, William"]
[Black "Perez, Yosvanny"]
[Result "0-1"]
[WhiteElo "2330"]
[BlackElo "2375"]
[PlyCount "82"]
[EventDate "1994.??.??"]
[EventType "tourn"]
[EventRounds "13"]
[EventCountry "CUB"]
[EventCategory "6"]
[SourceTitle "EXT 2003"]
[Source "ChessBase"]
[SourceDate "2002.11.25"]
[SourceVersion "1"]
[SourceVersionDate "2002.11.25"]
[SourceQuality "1"]

1. e4 e5 2. Nf3 Nc6 3. Bc4 Bc5 4. b4 Bxb4 5. c3 Ba5 6. d4 d6 7. Qb3 Qd7 8. dxe5 Bb6 9. Bb5 a6 10. Ba4 Bc5 11. exd6 Qxd6 12. 0-0 b5 13. Rd1 Qe6 14. Bxb5 axb5 15. Qxb5 Ra5 16. Qd3 Nge7 17. Nd4 Qf6 18. Be3 0-0 19. Nb3 Bxe3 20. Qxe3 Ra7 21. Nc5 Be6 22. a4 Ra5 23. Na3 Ne5 24. Nb5 Ng4 25. Qd4 Qf4 26. g3 Qh6 27. h4 Nc6 28. Qd2 Qxd2 29. Rxd2 Nce5 30. Kg2 Rc8 31. Rad1 Kf8 32. Rd4 Bc4 33. Nd7+ Ke7 34. Nxe5 Nxe5 35. Na3 Rxa4 36. Nxc4 Nxc4 37. Rd7+ Ke8 38. R7d4 Nb6 39. f4 c5 40. Rxa4 Nxa4 41. c4 Nc3 0-1

[Event "Capablanca Memorial-C"]
[Site "Matanzas"]
[Date "1994.??.??"]
[Round "9"]
[White "Perez, Yosvanny"]
[Black "Rivera, Alberto"]
[Result "1/2-1/2"]
[WhiteElo "2375"]
[BlackElo "2370"]
[PlyCount "40"]
[EventDate "1994.??.??"]
[EventType "tourn"]
[EventRounds "13"]
[EventCountry "CUB"]
[EventCategory "6"]
[SourceTitle "EXT 2003"]
[Source "ChessBase"]
[SourceDate "2002.11.25"]
[SourceVersion "1"]
[SourceVersionDate "2002.11.25"]
[SourceQuality "1"]

1. d4 Nf6 2. c4 e6 3. Nc3 Bb4 4. Bg5 h6 5. Bh4 c5 6. d5 Bxc3+ 7. bxc3 e5 8. d6 Nc6 9. Qc2 0-0 10. e3 Re8 11. Rd1 Re6 12. Bd3 Qf8 13. Bxf6 Rxf6 14. Qd2 b6 15. Ne2 Ba6 16. Ng3 Re8 17. Nh5 Rfe6 18. Bf5 g6 19. Bxe6 Rxe6 20. Ng3 Bxc4 1/2-1/2